Six Letter Geography - B #1 - Statistics

General Stats
  • This quiz has been taken 66 times
  • The average score is 10 of 10
Answer Stats
Hint Answer % Correct
Capital city of Germany Berlin
100%
Capital city of Colombia Bogota
100%
Largest country in all of South America Brazil
100%
Capital and largest city of Argentina {Buenos} Aires
100%
Country bordering Guatemala and Mexico Belize
98%
Bay between India and Malaysia Bay of {Bengal}
97%
Landlocked kingdom in the Himalayas Bhutan
95%
Capital and largest city of Massachusetts Boston
95%
Small wealthy nation in Borneo Brunei
90%
Peninsula of Greece, Albania, etc... Balkan
84%
No matching quizzes found
Score Distribution
Percent of People with Each Score
Percentile by Number Answered
Your Score History
You have not taken this quiz